Sports Quiz

Random Sports or NFL Quiz

2010 Championship Runner-Ups Quiz Stats

 Plays Quiz not verified by Sporcle

Score 0/16 Timer 10:00
0 Plays Today
Event/Final Runner-Up Team/Athlete % Correct
NBA FinalsBoston Celtics
92.8%
MLB World SeriesTexas Rangers
89.2%
Super Bowl XLIV (NFL)Indianapolis Colts
89.2%
Winter Olympics, Men's HockeyUnited States of America
88.5%
FIFA World CupThe Netherlands
77%
NCAA Men's Basketball TourneyButler Bulldogs
77%
BCS National ChampionshipTexas Longhorns
71.2%
NHL Stanley Cup FinalsPhiladelphia Flyers
70.5%
Event/Final Runner-Up Team/Athlete % Correct
NCAA Women's Basketball TourneyStanford Cardinal
69.1%
UEFA Champions LeagueBayern Munich
28.8%
NASCAR Sprint Cup ChampionshipDenny Hamlin
25.2%
WNBA FinalsAtlanta Dream
13.7%
The Masters Golf TournamentLee Westwood
10.8%
The Open Championship (British)Lee Westwood
10.8%
Wimbledon, Men'sTomas Berdych
10.1%
Wimbledon, Women'sVera Zvonareva
8.6%

You're not logged in!

Compare scores with friends on all Sporcle quizzes.
Join for Free
OR
Log In

You Might Also Like...

Show Comments

Extras

Top Quizzes Today


Score Distribution

Your Account Isn't Verified!

In order to create a playlist on Sporcle, you need to verify the email address you used during registration. Go to your Sporcle Settings to finish the process.

Report this User

Report this user for behavior that violates our Community Guidelines.

Details: